| 000 -LEADER |
| fixed length control field |
02290cam a22004098i 4500 |
| 001 - CONTROL NUMBER |
| control field |
22187627 |
| 003 - CONTROL NUMBER IDENTIFIER |
| control field |
OSt |
| 005 - DATE AND TIME OF LATEST TRANSACTION |
| control field |
20260331103151.0 |
| 006 - FIXED-LENGTH DATA ELEMENTS--ADDITIONAL MATERIAL CHARACTERISTICS--GENERAL INFORMATION |
| fixed length control field |
m |o d | |
| 007 - PHYSICAL DESCRIPTION FIXED FIELD--GENERAL INFORMATION |
| fixed length control field |
cr_||||||||||| |
| 008 - FIXED-LENGTH DATA ELEMENTS--GENERAL INFORMATION |
| fixed length control field |
210820t20222023nju o 001 0 eng |
| 010 ## - LIBRARY OF CONGRESS CONTROL NUMBER |
| LC control number |
2021041403 |
| 020 ## - INTERNATIONAL STANDARD BOOK NUMBER |
| International Standard Book Number |
9780137476312 |
| Qualifying information |
(ebook) |
| 020 ## - INTERNATIONAL STANDARD BOOK NUMBER |
| International Standard Book Number |
9780137476411 |
| Qualifying information |
(ebook) |
| 020 ## - INTERNATIONAL STANDARD BOOK NUMBER |
| International Standard Book Number |
9780137476343 |
| Qualifying information |
(ebook) |
| 020 ## - INTERNATIONAL STANDARD BOOK NUMBER |
| Cancelled/invalid ISBN |
9780137476442 |
| Qualifying information |
(hardcover) |
| 035 ## - SYSTEM CONTROL NUMBER |
| System control number |
22187627 |
| 040 ## - CATALOGING SOURCE |
| Original cataloging agency |
DLC |
| Language of cataloging |
eng |
| Transcribing agency |
DLC |
| Description conventions |
rda |
| 042 ## - AUTHENTICATION CODE |
| Authentication code |
pcc |
| 050 00 - LIBRARY OF CONGRESS CALL NUMBER |
| Classification number |
TS155.H459 2024 |
| 082 00 - DEWEY DECIMAL CLASSIFICATION NUMBER |
| Classification number |
658.5 |
| Edition number |
23 |
| 100 1# - MAIN ENTRY--PERSONAL NAME |
| Personal name |
Heizer, Jay, |
| Relator term |
author. |
| 245 10 - TITLE STATEMENT |
| Title |
Operations management : sustainability and supply chain management / |
| Statement of responsibility, etc |
Jay Heizer, Jesse H. Jones Professor of Business Administration, Texas Lutheran University, Barry Render, Charles Harwood Professor of Operations Management, Graduate School of Business, Rollins College, Chuck Munson, Professor of Operations Management, Carson College of Business, Washington State University. |
| 250 ## - EDITION STATEMENT |
| Edition statement |
Fourteenth Edition. |
| 263 ## - PROJECTED PUBLICATION DATE |
| Projected publication date |
2201 |
| 300 ## - PHYSICAL DESCRIPTION |
| Extent |
1 online resource |
| 500 ## - GENERAL NOTE |
| General note |
Revised edition of the authors' Operations management, [2020] |
| 500 ## - GENERAL NOTE |
| General note |
Includes index. |
| 520 ## - SUMMARY, ETC. |
| Summary, etc |
"The goal of this text and its accompanying online resources is to present students a broad introduction to the field of operations in a realistic, practical, and applied manner. We want students to understand how operations work within an organization by seeing first-hand what goes on behind the scenes at a concert or major sports event, placing an order through Amazon.com, boarding a flight on Alaska Airlines, or taking a cruise with Celebrity Cruises. This text along with its online learning tools and resources offers behind-the-scenes views that no other product on the market provides and one that students tell us they value because they gain a true understanding of operations"-- |
| 650 #0 - SUBJECT ADDED ENTRY--TOPICAL TERM |
| Topical term or geographic name as entry element |
Production management. |
| 700 1# - ADDED ENTRY--PERSONAL NAME |
| Personal name |
Render, Barry, |
| Relator term |
author. |
| 700 1# - ADDED ENTRY--PERSONAL NAME |
| Personal name |
Munson, Chuck, |
| Relator term |
author. |
| 776 08 - ADDITIONAL PHYSICAL FORM ENTRY |
| Display text |
Print version: |
| Main entry heading |
Heizer, Jay. |
| Title |
Operations management |
| Edition |
Fourteenth Edition. |
| Place, publisher, and date of publication |
Hoboken, NJ : Pearson, 2022 |
| International Standard Book Number |
9780137476442 |
| Record control number |
(DLC) 2021041402 |
| 906 ## - LOCAL DATA ELEMENT F, LDF (RLIN) |
| a |
7 |
| b |
cbc |
| c |
orignew |
| d |
1 |
| e |
ecip |
| f |
20 |
| g |
y-gencatlg |
| 942 ## - ADDED ENTRY ELEMENTS (KOHA) |
| Source of classification or shelving scheme |
|
| Koha item type |
Book |